| 000 | 00373nam a2200133Ia 4500 | ||
|---|---|---|---|
| 008 | 231129s1986||||xx |||||||||||||| ||spa|| | ||
| 040 | _bspa | ||
| 082 | _a986.1525 M291c | ||
| 100 | _aMantilla R. Luis Carlos | ||
| 245 | 0 | _aCartago y su templo de San Francisco : Tradiciones en torno a Nuestra Senora de la Pobreza | |
| 260 | _c1986 | ||
| 264 | _aKelly | ||
| 942 |
_2ddc _cBKS |
||
| 999 |
_c6692 _d6692 |
||